Le diverse versioni sull'assassinio di György Martinuzzi Utyeszenics e sul ritrovamento del suo tesoro

Elmentve itt :
Bibliográfiai részletek
Szerző: Papo Adriano
Dokumentumtípus: Cikk
Megjelent: Université de Szeged Szeged 2009
Sorozat:Mediterrán tanulmányok 18
Kulcsszavak:Fráter György, Magyarország története - 15-16. sz.
Tárgyszavak:
Online Access:http://acta.bibl.u-szeged.hu/7734
LEADER 00811nab a2200205 i 4500
001 acta7734
005 20251126145716.0
008 161015s2009 hu o 000 ita d
022 |a 0238-8308 
040 |a SZTE Egyetemi Kiadványok Repozitórium  |b hun 
041 |a ita 
100 1 |a Papo Adriano 
245 1 3 |a Le diverse versioni sull'assassinio di György Martinuzzi Utyeszenics e sul ritrovamento del suo tesoro  |h [elektronikus dokumentum] /  |c  Papo Adriano 
260 |a Université de Szeged  |b Szeged  |c 2009 
300 |a 5-21 
490 0 |a Mediterrán tanulmányok  |v 18 
650 4 |a Bölcsészettudományok 
650 4 |a Történettudomány és régészet 
695 |a Fráter György, Magyarország története - 15-16. sz. 
856 4 0 |u http://acta.bibl.u-szeged.hu/7734/1/mediterran_018_005-021.pdf  |z Dokumentum-elérés